Enciclopedia Audiovisual-Educativa: Matemáticas

Uloženo v:
Podrobná bibliografie
Korporativní autor: Oceano grupo editorial (Autor)
Médium: Kniha
Jazyk:španělština
Vydáno: Barcelona Oceano Multimedia 1996
Témata:
Tagy: Přidat tag
Žádné tagy, Buďte první, kdo vytvoří štítek k tomuto záznamu!

MARC

LEADER 00000nam a2200000 a 4500
001 UCH3924
003 CL-VaPUC
008 090818e19960000SP |||||||||||||||||spa|d
020 |a 8449402379 
020 |a 8449402387v.1 
020 |a 8449402395v.2 
082 0 4 |a 510  |b OCE  |2 21 
110 2 |a Oceano grupo editorial  |e author  |9 539406 
245 1 0 |a Enciclopedia Audiovisual-Educativa: Matemáticas 
942 |c BK 
945 |d 20090818 00:00:00  |a ccalabra 
260 |a Barcelona  |b Oceano Multimedia  |c 1996 
500 |a Incluye videos y guía práctica de los videos 
650 0 |a Educación  |9 258661 
650 0 |a Álgebra  |9 259567 
650 0 |a Geometría   |9 264063 
650 0 |a Logaritmos  |9 260266 
650 0 |a Trigonometría   |9 259568 
650 0 |a Ecuaciones  |9 260137 
583 |a last modification  |c 20090818 00:00:00  |k Rodrigo Vera 
999 |c 335328  |d 335326